00338 a2200109 4500001001000000005001700010008004100027245005900068100001600127773006800143999001700211ART_1221020260410161904.0260409a 10aImproved Stein-rules estimator for regression problems1 aVinod, H.D.0 tJournal of econometricsg- Vol. 12, NÂș 2 (feb. 1980)wREV11720 c26188d26188